000 01788cam a22004814i 4500
003 PE-LiUPU
005 20250731184532.0
008 150623s1998 be a r 000 0 d
035 _a(Sirsi) a22809
040 _aPE-LiUPU
_bspa
_cPE-LiUPU
_erda
049 _aPRUA
082 0 4 _a949.58
_bA16
_221
100 1 _aCline, Eric H.,
_eautor.
245 1 4 _aThe aegean and the orient in the second millennium /
_cEric H. Cline.
264 1 _aLiège, Belgique :
_bUniversité de Liège,
_c1998.
300 _a363 páginas :
_bilustraciones ;
_c21 centímetros.
336 _atext
_2rdacontent
337 _aunmediated
_2rdamedia
338 _avolume
_2rdacarrier
490 0 _aAegaeum 18. Annales d' Archéologie égéenne de l'Université de Liège et UT-PASSP
505 0 _aThe first day: Helene J. Kantor -- The second day: Carl W. Blegen -- The third day: Marion Rawson.
526 _aP136
526 _aP135
526 _aP134
526 _aP133
526 _aP144
526 _aP143
526 _aP87
526 _aP35
526 _aP20
526 _aP14
526 _aP10
526 _aP06
650 1 4 _aArte Antiguo
_zOriente Medio
_xInfluencias del Egeo.
651 4 _aRegión del Mar Egeo
_xAntigüedades.
651 4 _aOriente Medio
_xAntigüedades.
700 1 _aHarris-Cline, Diane,
_eeditor.
942 _2ddc
_cBOOK
949 _a949.58 A16
_wDEWEY
_c1
_i46631
_lCCODEBUL1
_mBUL
_p00.00
_r0
_sY
_tBOOK
_u2015-06-24
_xTEOLOGIA
_PP35
_0COMPRA
_o.STAFF. Colección General
596 _a1
999 _a949.58 A16
_wDEWEY
_c23417
_i46631
_f2021-11-11
_g5
_lCCODEBUL1
_mBUL
_p93.25
_r0
_sY
_tBOOK
_u2015-6-24
_xTEOLOGIA
_PP35
_0COMPRA
_o.CIRCNOTE. Documento de alto precio
_o.STAFF. Colección Teología
_d23417
980 _81
_gALBERTO SANCHEZ Responsable de Automatización